000 00487nam a2200169 i 4500
001 140631
003 ES-MaACL
005 20230906200122.0
007 t|
008 070214s1930 sp r ||||1| spa d
100 1 _aSeco, Rafael.
_9105047
245 1 0 _aManual de gramática española
_b: morfología /
_cRafael Seco.
260 _aMadrid :
_bIberoamericana,
_c1930.
300 _a181 p. ;
_c19 cm.
650 4 _aLengua española-
_xMorfología.
_9136374
852 _aES-MaACL
_jC-18313
999 _c140631
_d140631